Central Library || Chittagong University

Geology of the porphyry copper deposits : (Record no. 112432)

MARC details
000 -LEADER
fixed length control field 00536nam a22001697a 4500
003 - CONTROL NUMBER IDENTIFIER
control field BD-ChCU
005 - DATE AND TIME OF LATEST TRANSACTION
control field 20260426114032.0
008 - FIXED-LENGTH DATA ELEMENTS--GENERAL INFORMATION
fixed length control field 260426b bg ||||| |||| 00| 0 ben d
040 ## - CATALOGING SOURCE
Transcribing agency BD-ChCU
082 ## - DEWEY DECIMAL CLASSIFICATION NUMBER
Classification number 550 TIG
245 ## - TITLE STATEMENT
Title Geology of the porphyry copper deposits :
Remainder of title Southwestern North America.
Statement of responsibility, etc. Titley, Spencer R. and Hicks, Carol L.
260 ## - PUBLICATION, DISTRIBUTION, ETC.
Place of publication, distribution, etc. Tucson.
Name of publisher, distributor, etc. Univ. of Arizona Press.
Date of publication, distribution, etc. 1966
300 ## - PHYSICAL DESCRIPTION
Extent xvi, 287p
650 #0 - SUBJECT ADDED ENTRY--TOPICAL TERM
Topical term or geographic name entry element Geology.
9 (RLIN) 21922
700 ## - ADDED ENTRY--PERSONAL NAME
Personal name Titley, Spencer R. and Hicks, Carol L.
9 (RLIN) 21920
942 ## - ADDED ENTRY ELEMENTS (KOHA)
Source of classification or shelving scheme Dewey Decimal Classification
Koha item type Books
Suppress in OPAC No
Holdings
Withdrawn status Lost status Source of classification or shelving scheme Damaged status Not for loan Home library Current library Shelving location Date acquired Source of acquisition Total Checkouts Full call number Barcode Date last seen Price effective from Koha item type
    Dewey Decimal Classification     Chittagong University Library Chittagong University Library Science Reading Room 04/26/2026 Purchase   550 TIG 18947 04/26/2026 04/26/2026 Books
© Copyright 2025. Chittagong University Library, Installation and Maintenance by Prof. Dr. Md. Alamgir, 01711306253